| 000 | 01242nam a2200325Ia 4500 | ||
|---|---|---|---|
| 001 | ebr10146857 | ||
| 003 | CaPaEBR | ||
| 006 | m u | ||
| 007 | cr cn||||||||| | ||
| 008 | 931209s1993 bcca sb 001 0 eng d | ||
| 010 | _z 93091096 | ||
| 020 | _z0774804238 : | ||
| 040 |
_aCaPaEBR _cCaPaEBR |
||
| 035 | _a(OCoLC)750230001 | ||
| 050 | 1 | 4 |
_aHQ778.7.C2 _bP76 1993eb |
| 245 | 0 | 0 |
_aProfessional child and youth care _h[electronic resource] / _cedited by Roy Ferguson, Alan Pence, and Carey Denholm. |
| 250 | _a2nd ed. | ||
| 260 |
_aVancouver : _bUBC Press, _cc1993. |
||
| 300 |
_axii, 303 p. : _bill. |
||
| 504 | _aIncludes bibliographical references and index. | ||
| 533 |
_aElectronic reproduction. _bPalo Alto, Calif. : _cebrary, _d2007. _nAvailable via World Wide Web. _nAccess may be limited to ebrary affiliated libraries. |
||
| 650 | 0 |
_aChild care _zCanada. |
|
| 650 | 0 |
_aChild care services _zCanada. |
|
| 655 | 7 |
_aElectronic books. _2local |
|
| 700 | 1 | _aFerguson, Roy. | |
| 700 | 1 |
_aPence, Alan R., _d1948- |
|
| 700 | 1 |
_aDenholm, Carey J., _d1951- |
|
| 710 | 2 | _aebrary, Inc. | |
| 856 | 4 | 0 |
_uhttp://site.ebrary.com/lib/rucke/Doc?id=10146857 _zAn electronic book accessible through the World Wide Web; click to view |
| 999 |
_c190684 _d190684 |
||